Tilastot visalle Kaikkien aikojen myydyimmät kotimaiset albumit Suomessa

Klikkaa tästä pelataksesi tätä visaa!

Yleistilastot

  • Tätä visaa on pelattu 132 kertaa
  • Keskiarvotulos 7 / 20

Vastaustilastot

myynti (kpl)Artisti tai bändi / albumin nimiJulkaisuvuosi% Oikein
1#272 942Jari Sillanpää / Jari Sillanpää1996
77%
19#148 932Jari Sillanpää / Hyvää Joulua1996
77%
12#160 310Jari Sillanpää / Auringonnousu1997
77%
4#190 894Dingo / Kerjäläisten valtakunta1985
66%
2#250 377Eppu Normaali / Repullinen hittejä1996
62%
3#214 196Kirka / Surun pyyhdit silmistäni pois1988
52%
7#175 144Kaija Koo / Tuulten viemää1993
38%
14#151 833Jenni Vartiainen / Seili2010
36%
9#171 224Hurriganes / Roadrunner1974
33%
10#167 788Vesa-Matti Loiri / Sydämeeni joulun teen1988
33%
18#149 497Leevi and The Leavings / Keskiviikko - 40 ensimmäistä hittiä1997
22%
13#157 199Anssi Kela / Nummela2001
19%
6#177 972Eri esittäjiä / Vain elämää2012
17%
8#174 608Smurffit / Tanssihitit Vol. 11996
13%
11#165 833Topi Sorsakoski & Agents / Besame Mucho1987
11%
5#178 654Joel Hallikainen / Joel Hallikainen1992
10%
17#150 000Tapio Rautavaara / Reissumiehen taival1979
8%
15#150 856Eri esittäjiä / Finnhits 21983
5%
20#148 579Fröbelin Palikat / Sutsisatsi1993
3%
16#150 598Eri esittäjiä / Rakkaimmat joululaulut1986
1%

Tulosjakauma

Persentiili vastausten määrän mukaan

Jokaisen tuloksen saaneiden osuus

Tuloshistoriasi

Et ole pelannut tätä visaa